富士急ハイランドのアトラクション - Statistics

General Stats
  • This quiz has been taken 61 times
  • The average score is 6 of 41
Answer Stats
ジャンル アトラクション % Correct
絶叫 ええじゃないか
82%
絶叫 FUJIYAMA
78%
絶叫 高飛車
73%
ホラー 戦慄迷宮~闇に蠢く病棟~
63%
絶叫 ナガシマスカ
37%
絶叫 鉄骨番長
33%
絶叫 トンデミーナ
27%
絶叫 ZOKKON
27%
絶叫 テンテコマイ
18%
チャレンジ 絶望要塞 -IMPOSSIBLE GAMES-
18%
絶叫 レッド・タワー
12%
絶叫 パニック・ロック
10%
ファミリー 富士飛行社
8%
ファミリー シャイニング・フラワー
8%
FUJIYAMAタワー FUJIYAMAウォーク
8%
絶叫 クールジャッパーン
6%
キャラクター ゲゲゲの妖怪屋敷 妖怪小噺
6%
ファミリー ティーカップ
6%
ファミリー ウェーブスウィンガー
6%
ファミリー スカイサイクル
6%
ファミリー リサとガスパールのそらたびにっき
6%
トーマスランド トーマスのたからさがし大冒険
6%
NARUTO×BORUTO富士木ノ葉隠れの里 3Dシューティングライド 科学忍具道場
6%
FUJIYAMAタワー FUJIYAMA スライダー
6%
ファミリー 進撃の巨人 THE RIDE -レべリオの決戦-
6%
トーマスランド トーマスとパーシーのわくわくライド
4%
トーマスランド トーマスのハッピースマイル
4%
トーマスランド トーマスのドキドキプレイグラウンド
4%
トーマスランド トーマスのバブリースプラッシュ
4%
トーマスランド トーマスとダンシングパーティー
4%
トーマスランド 立体迷路トーマス・サーカス
4%
トーマスランド ホッピングウィンストン
4%
トーマスランド しゅっぱつ!ハロルドのスカイパトロール
4%
トーマスランド いたずらクランキー
4%
トーマスランド ニアとアニマルコースター
4%
リサとガスパールタウン エッフェル塔のカルーセル
4%
リサとガスパールタウン リサとガスパールのミラーメイズ~マジック・ショーへようこそ~
4%
NARUTO×BORUTO富士木ノ葉隠れの里 幻影劇場
4%
FUJIYAMAタワー FUJIYAMAスカイデッキ
4%
NARUTO×BORUTO富士木ノ葉隠れの里 忍術修練所 -NARUTO NINJUTSU PHOTO STUDIO-
4%
トーマスランド GO!GO!バルストロード
2%
No matching quizzes found
Score Distribution
Percent of People with Each Score
Percentile by Number Answered
Your Score History
You have not taken this quiz